000 00399nam a2200145Ia 4500
008 230917s9999||||xx |||||||||||||| ||und||
040 _e170144
_aMAIN
041 _aEnglish
082 _a891.433711 VA215S
100 _aवाजपेयी, आशा
245 0 _aसूना घर
260 _aदिल्ली
_bशेखर प्रकाशन
_c1981
300 _a167 p.
942 _cHN
999 _c39134
_d39134